000 00728nam a2200241Ia 4500
003 OSt
005 20220923225007.0
006 a|||||r|||| 00| 0
007 ta
008 220922b |||||||| |||| 00| 0 hin d
024 _a254,822
037 _cTextual
040 _aARTS
_cARTS
_bhin
041 _2hin
_ahin
082 _aO152,3N60x, N0
100 _aमोरवाल, भगवानदास
_9156292
245 0 _aसूर्यास्त से पहले
246 _aSūryāsta se pahale
260 _c1990
650 _aहिन्दी साहित्य
_9156264
942 _hO152,3N60x, N0
_cTEXL
_2CC
999 _c375290
_d375290